mysqli: Table './ulib62015/stat_globaluid' is marked as crashed and should be repaired
select id from stat_globaluid where statuid='20260517154608_1568'
mysqli: Table './ulib62015/stat_globaluid' is marked as crashed and should be repaired
DELETE FROM stat_globaluid
WHERE id NOT IN (
SELECT id
FROM (
SELECT id
FROM stat_globaluid
ORDER BY id DESC
LIMIT 100
) foo
);
mysqli: Table './ulib62015/stat_globaluid' is marked as crashed and should be repaired
insert into stat_globaluid set
statuid='20260517154608_1568',
dt='1779007568',
phpself='/ULIB62015/dublinfull.php',
agent='Mozilla/5.0 AppleWebKit/537.36 (KHTML, like Gecko; compatible; ClaudeBot/1.0; +claudebot@anthropic.com)',
yea='2026',
mon='5',
dat='17',
ip='216.73.216.45'
mysqli: Table './ulib62015/stathist_viewbib_bib_type' is marked as crashed and should be repaired
insert into stathist_viewbib_bib_type set
dat='17' ,
mon='05' ,
yea='2026' ,
statuid='20260517154608_1568' ,
head='32423' ,
foot='marc' ,
dt='1779007568'
| LEADER : 00000nam 2200000uu 4500 |
| 001 32423 |
| 003 ULIB |
| 008 100708s||||||||th 000 0 tha d |
| 020 ^a974-8285-22-1
|
| 060 4 ^aWB39^bป445ค
|
| 100 0 ^aปราณี ทู้ไพเราะ
|
| 245 คู่มือโรค HANDBOOK OF DISEASES
|
| 260 ^aกรุงเทพฯ:^bN P Press Limited Partenership,^c2552.
|
| 300 ^a522 หน้า.
|
| 650 4 ^aการวินิจฉัยโรค
|
| 650 4 ^aอายุรศาสตร์
|
| 945 ^p320^l0^i013908
|
| 945 ^p0^l0^i013909
|
| 945 ^p0^l0^i015748 |
| 999 ^alib
|
| คุณยังไม่ได้ล็อกอิน คุณสามารถมีกิจกรรมร่วมกับเว็บไซต์ได้ แต่ต้องล็อกอินก่อน :: |
|
|
|
รายการใกล้เคียง
ผู้แต่ง [ปราณี ทู้ไพเราะ]
หัวเรื่อง [การวินิจฉัยโรค] หัวเรื่อง [อายุรศาสตร์]
|
|
ยังไม่เคยถูกคอมเมนท์
|
| คอมเมนท์ทรัพยากรรายการนี้ |
|